Loreto College Library, Kolkata
WEBOPAC (ONLINE PUBLIC ACCESS CATALOGUE)

Asia (Record no. 39763)

MARC details
000 -LEADER
fixed length control field 00509nam a22001937a 4500
005 - DATE AND TIME OF LATEST TRANSACTION
control field 20230822142902.0
008 - FIXED-LENGTH DATA ELEMENTS--GENERAL INFORMATION
fixed length control field 150108b xxu||||| |||| 00| 0 eng d
040 ## - CATALOGING SOURCE
Original cataloging agency Loreto College
041 ## - LANGUAGE CODE
Language code English
082 ## - DDC | ডিউই
Classification number | বর্গসংখ্যা 915
Book Number | গ্রন্থাঙ্ক STA
100 ## - MAIN ENTRY--PERSONAL NAME | মুখ্য সংলেখ - ব্যাক্তিনাম
Personal name | ব্যাক্তিনাম Stamp, L. Dudley
245 ## - TITLE STATEMENT | অাখ্যা বিবরণী
Title | অাখ্যা Asia
Sub title | উপঅাখ্যা A regional and economic geography
Statement of responsibility | লেখকের দায়িত্বের বিবরণ L. Dudley Stamp
260 ## - IMPRINT | প্রকাশনা ক্ষেত্র
Place of publication | প্রকাশ স্থান London
Name of publisher | প্রকাশকের নাম Methuen
Date of publication | প্রকাশ কাল 1944
300 ## - PHYSICAL DESCRIPTION |
Page / Vol. No | পৃষ্ঠা / খন্ড সংখ্যা xxi, 704p.
Other physical details | অনান্য বাহ্যিক বিবরণ 21cm.
504 ## - BIBLIOGRAPHY, ETC. NOTE
Bibliography, etc Includes index.
650 ## - SUBJECT ADDED ENTRY--TOPICAL TERM | বিষয় শিরোনাম - মূল বিষয়
Topical term | মূল বিষয় Regional Geography- Asia
850 ## - HOLDING INSTITUTION
Holding institution LCLIB
942 ## - ADDED ENTRY ELEMENTS (KOHA)
Koha item type Books
Holdings
Withdrawn status Lost status Source of classification Damaged status Not for loan Home library Current library Date acquired Total Checkouts Full call number Accession No. Date last seen Price effective from Koha item type
    Dewey Decimal Classification     Loreto College Loreto College 08/01/2015   915 STA 43294 08/01/2015 08/01/2015 Books
    Dewey Decimal Classification     Loreto College Loreto College 15/01/2015   915 STA 15265 43300 15/01/2015 15/01/2015 Books
    Dewey Decimal Classification     Loreto College Loreto College 15/01/2015   915 STA 15225 43301 15/01/2015 15/01/2015 Books